书目信息 |
| 题名: |
劳动模范的成长道路
|
|
| 作者: | 陈进玉 , 黄耀道 主编 | |
| 分册: | ||
| 出版信息: | 北京 工人出版社 1983 |
|
| 页数: | 156页 | |
| 开本: | 19cm | |
| 丛书名: | ||
| 单 册: | ||
| 中图分类: | D412.62 | |
| 科图分类: | ||
| 主题词: | 工会工作--思想政治教育--中国 | |
| 电子资源: | ||
| ISBN: | ||
| 000 | 00695nam0 2200241 45 | |
| 001 | 0183002646 | |
| 005 | 20050630084755.4 | |
| 010 | @dCNY0.39 | |
| 091 | @a3007.416 | |
| 100 | @a19950602d1983 em y0chiy0121 ea | |
| 101 | 0 | @achi |
| 102 | @aCN@b110000 | |
| 105 | @ay z 000yy | |
| 200 | 10 | @a劳动模范的成长道路@Alao dong mo fan de cheng zhang dao lu@f陈进玉,黄耀道主编@FChen Jin Yu,Huang Yao Dao Zhu Bian |
| 210 | @a北京@c工人出版社@d1983 | |
| 215 | @a156页@d19cm | |
| 606 | @a工会工作@x思想政治教育@y中国 | |
| 690 | @aD412.62@v3 | |
| 701 | 0 | @a陈进玉@4主编 |
| 701 | 0 | @a黄耀道@4主编 |
| 801 | 0 | @aCN@b上海图书馆@c20040424 |
| 801 | 2 | @aCN@bNLC@c20040424 |
| 905 | @dD412.62@e2@f1@b92939 | |
| 劳动模范的成长道路/陈进玉,黄耀道主编.-北京:工人出版社,1983 |
| 156页;19cm |
| ISBN :CNY0.39 |
| ● |
| 相关链接 |
|
|
|
|
正题名:劳动模范的成长道路
索取号:D412.62/2
 
预约/预借
| 序号 | 登录号 | 条形码 | 馆藏地/架位号 | 状态 | 备注 |
| 1 | 0092937 | 000383016 | 第一借阅区/ [索取号:D412.62/2] | 在馆 | |
| 2 | 0092938 | 000383007 | 第一借阅区/ [索取号:D412.62/2] | 在馆 | |
| 3 | 0092939 | 000383025 | 第一样本阅览室/ [索取号:D412.62/2] | 在馆 |